झूठा सच / (Record no. 137474)
[ view plain ]
| 000 -LEADER | |
|---|---|
| fixed length control field | 01157nam a22002417a 4500 |
| 005 - DATE AND TIME OF LATEST TRANSACTION | |
| control field | 20170208153627.0 |
| 008 - FIXED-LENGTH DATA ELEMENTS--GENERAL INFORMATION | |
| fixed length control field | 170208b xxu||||| |||| 00| 0 eng d |
| 010 ## - LCCN (DPL NO) | |
| LC control number | B-654502-503 |
| 020 ## - INTERNATIONAL STANDARD BOOK NUMBER | |
| International Standard Book Number | 9788180315183 (भाग-1 ) |
| Terms of availability | 295.00 |
| 020 ## - INTERNATIONAL STANDARD BOOK NUMBER | |
| International Standard Book Number | 9788180315190 (भाग -2) |
| Terms of availability | 295.00 |
| 035 ## - SYSTEM CONTROL NUMBER | |
| System control number | B-654502-503 |
| 037 ## - SOURCE OF ACQUISITION | |
| Source of stock number/acquisition | L/RP/KK Publications |
| 082 ## - DEWEY DECIMAL CLASSIFICATION NUMBER | |
| Classification number | उ |
| 100 ## - MAIN ENTRY--PERSONAL NAME | |
| Personal name | यशपाल |
| 245 ## - TITLE STATEMENT | |
| Title | झूठा सच / |
| Statement of responsibility, etc | यशपाल |
| 250 ## - EDITION STATEMENT | |
| Edition statement | 2रा संस्क |
| 260 ## - PUBLICATION, DISTRIBUTION, ETC. (IMPRINT) | |
| Place of publication, distribution, etc | इलाहबाद |
| Name of publisher, distributor, etc | लोकभारती प्रकाशन |
| Date of publication, distribution, etc | 2016(repr.) |
| 270 ## - ADDRESS | |
| Address | पहली मंजिल, दरबारी बिल्डिंग महात्मा गाँधी मार्ग |
| City | इलाहबाद |
| Postal code | 211001 |
| 300 ## - PHYSICAL DESCRIPTION | |
| Extent | 2भा. (415पृ; 540पृ.) |
| Dimensions | 22सेमी (अजिल्द ) |
| 505 ## - FORMATTED CONTENTS NOTE | |
| Formatted contents note | भा.1-वतन और देश ; भा.2-देश का भविष्य |
| 942 ## - ADDED ENTRY ELEMENTS (KOHA) | |
| Source of classification or shelving scheme | Dewey Decimal Classification |
| Item type | Hindi Books |
| Classification part | उ |
| Call number suffix | यशपा |
| Withdrawn status | Lost status | Source of classification or shelving scheme | Materials specified (bound volume or other part) | Damaged status | Not for loan | Collection code | Home library | Current library | Date acquired | Source of acquisition | Cost, normal purchase price | Total Checkouts | Total Renewals | Full call number | Barcode | Checked out | Date last seen | Copy number | Cost, replacement price | Koha item type |
|---|---|---|---|---|---|---|---|---|---|---|---|---|---|---|---|---|---|---|---|---|
| Dewey Decimal Classification | भा.1 | Fiction | Central Library | Central Library | 08/02/2017 | K.K. Publications/BL255/27.1.2017/RP5/27.1.2017/7.2.2017 | 295.00 | 43 | 20 | उ यशपा | B-654502 | 13/07/2026 | 29/06/2026 | 1 | 295.00 | Hindi Books | ||||
| Dewey Decimal Classification | भा.2 | Fiction | Central Library | Central Library | 08/02/2017 | K.K. Publications/BL255/27.1.2017/RP5/27.1.2017/7.2.2017 | 295.00 | 40 | 12 | उ यश्पा | B-654503 | 27/05/2026 | 1 | 295.00 | Hindi Books |
